Shrinking Cities in Colorado - Statistics

General Stats
  • This quiz has been taken 7 times
  • The average score is 4 of 9
Answer Stats
Population Growth Rate (%) City % Correct
8,329 -8.4 Trinidad
75%
6,434 -0.3 Carbondale
50%
9,060 -4.3 Craig
50%
5,904 -0.5 Estes Park
50%
7,687 -3.3 Lamar
50%
13,735 -7.4 Sterling
50%
6,072 -5.2 Avon
25%
5,339 -2.3 Brush
25%
5,005 -3.2 Edgewater
25%
No matching quizzes found
Score Distribution
Percent of People with Each Score
Percentile by Number Answered
Your Score History
You have not taken this quiz